[Event "Bugojno"]
[Site "Bugojno"]
[Date "1982.??.??"]
[Round "?"]
[White "Ljubojevic, Ljubomir"]
[Black "Ivanovic, Bozidar"]
[Result "1-0"]
[WhiteElo "2645"]
[BlackElo "2480"]

1.d4 d5 2.c4 e6 3.Nf3 Be7 4.g3 Nf6 5.Bg2 O-O 6.O-O dxc4 7.Qc2 a6 8.a4 Bd7
9.Qxc4 Bc6 10.Bg5 Bd5 11.Qc2 Be4 12.Qd1 Nc6 13.Nbd2 Bg6 14.Rc1 h6 15.Bf4 Nd5
16.Nb3 Nxf4 17.gxf4 Be4 18.e3 Rb8 19.Nc5 Bxc5 20.Rxc5 Ne7 21.Ne5 Bxg2 22.Kxg2 f6
23.Nd3 b6 24.Rc3 a5 25.Qg4 Qd7 26.Rfc1 Rbc8 27.b3 Nf5 28.h3 h5 29.Qe2 g6
30.Kh2 Rf7 31.Qf3 Nd6 32.Rc6 Nf5 33.Qe4 Re7 34.Ne1 Kh7 35.Nf3 Nd6 36.Qc2 Ne8
37.Nh4 Rg7 38.Rxb6 cxb6 39.Qxc8 Qxc8 40.Rxc8 Nd6 41.Rc6 Ne4 42.Rxe6 Nd2 43.Rxb6 g5
44.Nf5 Rg6 45.Rb7+ Kh8 46.Ne7 Rg7 47.f5 Kh7 48.Rd7 Kh6 49.Kg2 g4 50.h4 g3
51.fxg3 Ne4 52.Kf3 Nd2+ 53.Ke2 Nxb3 54.Rb7 Nxd4+ 55.Kf2 Nc6 56.Rb6 Nxe7 57.Rxf6+ Kh7
58.e4 Ng8 59.Ra6 Rd7 60.Ke3 Rd1 61.Kf4 Rd4 62.Rxa5 Rb4 63.Ra7+ Kh8 64.a5 Nf6
65.Kg5 Nxe4+ 66.Kg6 Rb8 67.Rh7+ Kg8 68.Ra7 Nd6 69.Rd7 Nc4 70.Rd5 Ra8 71.Rc5 Nd6
72.f6 Ra6 73.Rxh5 Ne4 74.Rf5 Nxg3 75.Re5 Kf8 76.h5  1-0

[Event "Bugojno"]
[Site "Bugojno"]
[Date "1982.??.??"]
[Round "?"]
[White "Najdorf, Miguel"]
[Black "Andersson, Ulf"]
[Result "1/2-1/2"]
[WhiteElo "2515"]
[BlackElo "2635"]

1.Nf3 d5 2.d4 Nf6 3.c4 dxc4 4.e3 Bg4 5.Bxc4 e6 6.O-O Nbd7 7.h3 Bh5 8.Be2 Be7
9.Nc3 O-O 10.Qb3 Qb8 11.Bd2 Rd8 12.Rfd1 c5 13.Rac1 cxd4 14.exd4 Nb6 15.Bg5 Nfd5
16.Bxe7 Nxe7 17.Ne5 Bxe2 18.Nxe2 Ng6 19.Nxg6 hxg6 20.Nc3  1/2-1/2

[Event "Bugojno"]
[Site "Bugojno"]
[Date "1982.??.??"]
[Round "?"]
[White "Ljubojevic, Ljubomir"]
[Black "Timman, Jan H"]
[Result "1-0"]
[WhiteElo "2645"]
[BlackElo "2605"]

1.e4 e5 2.Nf3 Nc6 3.Bb5 a6 4.Ba4 Nf6 5.O-O Be7 6.Re1 b5 7.Bb3 O-O 8.c3 d6
9.h3 Na5 10.Bc2 c5 11.d4 Qc7 12.Nbd2 cxd4 13.cxd4 Nc6 14.Nb3 a5 15.Be3 a4
16.Nbd2 Bd7 17.Rc1 Qb7 18.Qe2 Rfe8 19.Bd3 Rab8 20.dxe5 dxe5 21.Bc5 Nh5 22.g3 Bxc5
23.Rxc5 Qb6 24.Rec1 Rbc8 25.Qe3 Bxh3 26.Bxb5 Nd4 27.Bxe8 Rxc5 28.Nc4 Qf6
29.Nfxe5 Rxe5 30.Nxe5 Qxe5 31.Bxa4 g5 32.Rc4 Ne6 33.Qc3 Qxc3 34.Rxc3 Nf6
35.f3 g4 36.e5 Nd5 37.Rc8+ Kg7 38.Bb3 Ne7 39.Bxe6 fxe6 40.Rc7 Kf8 41.f4 Nf5
42.Rc3 h5 43.a4 h4 44.a5  1-0

[Event "Bugojno"]
[Site "Bugojno"]
[Date "1982.??.??"]
[Round "?"]
[White "Ljubojevic, Ljubomir"]
[Black "Petrosian, Tigran V"]
[Result "1/2-1/2"]
[WhiteElo "2645"]
[BlackElo "2605"]

1.c4 c6 2.d4 d5 3.Nc3 Nf6 4.cxd5 cxd5 5.Bf4 Nc6 6.e3 e6 7.Nf3 Bd6 8.Bxd6 Qxd6
9.Bd3 O-O 10.O-O Bd7 11.Rc1 Rfc8 12.Qe2 Be8 13.a3 Ne7 14.Rc2 Rc7 15.Rfc1 Rac8
16.Bb5  1/2-1/2

[Event "Bugojno"]
[Site "Bugojno"]
[Date "1982.??.??"]
[Round "?"]
[White "Ljubojevic, Ljubomir"]
[Black "Larsen, Bent"]
[Result "1/2-1/2"]
[WhiteElo "2645"]
[BlackElo "2555"]

1.e4 c6 2.d3 g6 3.Nf3 Bg7 4.Be2 d5 5.Nbd2 c5 6.c3 Nc6 7.O-O e6 8.exd5 exd5
9.Re1 Nge7 10.Nb3 b6 11.Bf4 O-O 12.d4 c4 13.Nbd2 b5 14.a3 h6 15.h4 Nf5 16.g3 Re8
17.Bf1 Rxe1 18.Qxe1 Be6 19.Bg2 a5 20.Nf1 Ra7 21.Ne5 Nxe5 22.Bxe5 f6 23.Bc7 Qd7
24.Bb6 Ra6 25.Bc5 a4 26.Qd2 h5 27.Re1 Bh6 28.Qd1 Ra8 29.Kh2 Re8 30.f4 Bf7
31.Bh3 Rxe1 32.Qxe1 Be6 33.Bxf5 Bxf5 34.Qe7 Qxe7 35.Bxe7 Kf7 36.Bd8 Bg7 37.Ne3 Be4
38.Kg1 Ke8 39.Ba5 Kd7 40.Kf2 Bh6 41.Bb6 g5 42.f5 Bf8 43.Ba5  1/2-1/2

[Event "Bugojno"]
[Site "Bugojno"]
[Date "1982.??.??"]
[Round "?"]
[White "Ljubojevic, Ljubomir"]
[Black "Ivkov, Borislav"]
[Result "1-0"]
[WhiteElo "2645"]
[BlackElo "2475"]

1.e4 e5 2.Nf3 Nc6 3.Bb5 a6 4.Ba4 Nf6 5.O-O Be7 6.Re1 b5 7.Bb3 d6 8.c3 O-O
9.h3 Nd7 10.d4 Nb6 11.Be3 Rb8 12.Nbd2 Bf6 13.Bc2 Re8 14.Rc1 Bd7 15.b3 Ne7
16.Bd3 Ng6 17.Qc2 Nh4 18.Nxh4 Bxh4 19.dxe5 dxe5 20.c4 c6 21.Nf3 Bf6 22.a4 bxa4
23.bxa4 c5 24.Bxc5 Nxa4 25.Bd6 Rb2 26.Qd1 Qa5 27.Bc2 Rd8 28.Qd5 Qb6 29.c5 Qb5
30.Bd3 Qa5 31.Ra1 Rc8 32.Bc4 Be6 33.Qd3 Bxc4 34.Qxc4 Rb4 35.Qd5 Qb5 36.Nxe5 Bxe5
37.Bxe5 Qxc5 38.Qxc5 Nxc5 39.Rac1 Rc6 40.Red1 f6 41.Bd6  1-0

[Event "Bugojno"]
[Site "Bugojno"]
[Date "1982.??.??"]
[Round "?"]
[White "Larsen, Bent"]
[Black "Najdorf, Miguel"]
[Result "1-0"]
[WhiteElo "2555"]
[BlackElo "2515"]

1.c4 e6 2.Nc3 d5 3.d4 Be7 4.cxd5 exd5 5.Bf4 c6 6.e3 Bf5 7.Bd3 Bg6 8.Nf3 Nd7
9.O-O Ngf6 10.Rb1 a5 11.Bxg6 hxg6 12.Qb3 Qb6 13.Qc2 O-O 14.Rfc1 Qa6 15.h3 Rfe8
16.Ne5 Bf8 17.Nd3 Ne4 18.Na4 Rac8 19.Bh2 b6 20.Rd1 Ng5 21.Rbc1 Ne6 22.Qb3 b5
23.Nc3 Nb6 24.Qc2 Nc4 25.Ne2 b4 26.Nef4 Nxf4 27.Bxf4 Qb5 28.b3 Na3 29.Qd2 a4
30.Nb2 axb3 31.axb3 Ra8 32.Ra1 Ra6 33.Rdc1 Rea8 34.Qd1 Qb7 35.Kh2 Be7 36.Qg4 Bf8
37.h4 Qc8 38.Qxc8 Rxc8 39.Nd3 f6 40.Ra2 Kf7 41.g4 Ra7 42.Kg2 Rb7 43.Bg3 Nb5
44.Ra5 Nc3 45.Rca1 Ne4 46.Ra7 Rxa7 47.Rxa7+ Kg8 48.Rb7 c5 49.dxc5 Nxc5 50.Nxc5 Bxc5
51.Rd7 Bf8 52.Bc7 Bc5 53.g5 Kf8 54.Kf3 Be7 55.Ba5 Ke8 56.Rb7 fxg5 57.hxg5 Bxg5
58.Rxb4 Bf6 59.Rb5 d4 60.e4 Rc2 61.Bb6 Rc3+ 62.Kf4 d3 63.Ke3 Kd7 64.Ba5 Rc2
65.f4 Rg2 66.Kxd3 Rg3+ 67.Ke2 Kc6 68.Rb6+ Kc5 69.e5 Bh4 70.Rb7 Kd4 71.Bd2 g5
72.Rd7+ Ke4 73.e6 Rg2+ 74.Kd1 gxf4 75.e7 Bxe7 76.Rxe7+ Kf3 77.b4 g5 78.b5 Rg1+
79.Re1 Rg2 80.Rh1  1-0

[Event "Bugojno"]
[Site "Bugojno"]
[Date "1982.??.??"]
[Round "?"]
[White "Larsen, Bent"]
[Black "Andersson, Ulf"]
[Result "1-0"]
[WhiteElo "2555"]
[BlackElo "2635"]

1.c4 Nf6 2.Nc3 c5 3.g3 e6 4.Nf3 b6 5.Bg2 Bb7 6.O-O Be7 7.d3 d5 8.cxd5 Nxd5
9.Qa4+ Nd7 10.e4 Nxc3 11.bxc3 O-O 12.Re1 a6 13.Bf4 b5 14.Qc2 Nb6 15.h4 Rc8
16.Rac1 Re8 17.Qe2 Na4 18.h5 Qa5 19.h6 g6 20.c4 b4 21.a3 bxa3 22.Qc2 Bc6
23.Bd2 Qb6 24.Rb1 Qa7 25.Rb3 Nb6 26.Qc3 f6 27.Bh3 Bd8 28.Rxa3 Nd7 29.Qa1 Bb7
30.g4 Rc6 31.g5 Bc8 32.d4 cxd4 33.Nxd4 Rb6 34.Ba5 Nc5 35.Rf3 Rf8 36.gxf6 Rxf6
37.Bxb6 Qxb6 38.Nxe6  1-0

[Event "Bugojno"]
[Site "Bugojno"]
[Date "1982.??.??"]
[Round "?"]
[White "Kavalek, Lubomir"]
[Black "Spassky, Boris V"]
[Result "1/2-1/2"]
[WhiteElo "2560"]
[BlackElo "2605"]

1.e4 e5 2.Nf3 Nc6 3.Bb5 Nd4 4.Nxd4 exd4 5.O-O c6 6.Bc4 Nf6 7.Re1 d6 8.c3 Be7
9.d3 dxc3 10.Nxc3 O-O 11.Bb3 Be6 12.d4 Bxb3 13.Qxb3 Qb6 14.Qxb6 axb6 15.Bg5 b5  1/2-1/2

[Event "Bugojno"]
[Site "Bugojno"]
[Date "1982.??.??"]
[Round "?"]
[White "Kavalek, Lubomir"]
[Black "Polugaevsky, Lev"]
[Result "1/2-1/2"]
[WhiteElo "2560"]
[BlackElo "2625"]

1.c4 e6 2.Nc3 c5 3.Nf3 Nf6 4.g3 b6 5.Bg2 Bb7 6.O-O Be7 7.d4 cxd4 8.Qxd4 d6
9.Bg5 a6 10.Bxf6 Bxf6 11.Qf4 Bxf3 12.Qxf3 Ra7 13.Rad1 O-O 14.b3 Rd7 15.Rd3 Qc7
16.Rfd1 Be7  1/2-1/2

[Event "Bugojno"]
[Site "Bugojno"]
[Date "1982.??.??"]
[Round "?"]
[White "Kavalek, Lubomir"]
[Black "Ljubojevic, Ljubomir"]
[Result "1/2-1/2"]
[WhiteElo "2560"]
[BlackElo "2645"]

1.d4 d5 2.c4 e6 3.Nf3 c6 4.Qc2 Nf6 5.g3 Ne4 6.Bg2 Nd7 7.O-O Be7 8.b3 O-O
9.Nbd2 f5 10.Bb2 a5 11.Rad1 b5 12.c5 Nxd2 13.Rxd2 b4 14.Ne1 Bf6 15.Nd3 Qe7
16.f3 Ba6 17.Re1 e5 18.dxe5 Nxe5 19.Nxe5 Bxe5 20.Bxe5 Qxe5 21.e3 f4 22.Qb2 Qxb2
23.Rxb2 fxe3 24.Rxe3 Rfe8 25.Rxe8+ Rxe8 26.Kf2 Kf7 27.f4 Kf6 28.h4 Bb5 29.Bf3 Ra8
30.a4 bxa3 31.Ra2 a4 32.Rxa3 axb3 33.Rxb3 Ra5 34.Ke3 Ke6 35.Bg4+ Ke7 36.Bf5 h6
37.g4 Ra4 38.Rb2 Ra3+ 39.Kd4 Kf6 40.Bb1 Ra4+ 41.Ke3 Ra3+ 42.Kd4 Ra4+  1/2-1/2

[Event "Bugojno"]
[Site "Bugojno"]
[Date "1982.??.??"]
[Round "?"]
[White "Ivkov, Borislav"]
[Black "Polugaevsky, Lev"]
[Result "1/2-1/2"]
[WhiteElo "2475"]
[BlackElo "2625"]

1.Nf3 Nf6 2.c4 e6 3.d4 b6 4.a3 Bb7 5.Nc3 d5 6.cxd5 exd5 7.g3 Be7 8.Qa4+ Qd7
9.Qxd7+ Nbxd7 10.Nb5 Bd6 11.Bf4 Bxf4 12.gxf4 Kd8 13.Ne5 Rf8 14.Bg2 Ne8 15.Rc1 f6
16.Nc6+ Bxc6 17.Rxc6 a6 18.Nc3 Nb8 19.Re6 c6 20.Na4 Nc7 21.Re3 Nd7 22.Rc3 b5
23.Nc5 Nxc5 24.Rxc5 Kd7 25.f5 Ne8 26.e4 dxe4 27.Bxe4 Rc8 28.Rg1 Rf7 29.Kd2 Nd6
30.f3 Re7 31.Kd3 Nb7 32.Rc2 Kd6 33.a4 Nd8 34.axb5 axb5 35.Ra1 Rcc7 36.b4 Ra7
37.Rca2 Rxa2 38.Rxa2 Rc7 39.Ra6 Kd7 40.d5 cxd5 41.Bxd5 Nc6 42.Bxc6+ Rxc6
43.Ra5 Rc4 44.Rxb5 Rh4 45.Rb7+ Kd6 46.Rxg7 Rxb4 47.Rxh7 Ke5 48.Ke3 Kxf5 49.Kf2 Kg6
50.Rh8 Rb5 51.Rg8+ Kf7 52.Rg4 Ra5 53.Kg3 Rb5 54.h4 Ra5 55.Kh3 Rf5 56.Rg3 Ra5
57.Rg1 Rb5 58.Kg4 Ra5 59.Kf4 Rb5 60.Re1 Ra5 61.Re4 Kg6 62.Rb4 Rh5 63.Kg4 Ra5
64.Rb8 Ra4+ 65.Kg3 Ra5 66.Rg8+ Kf7 67.Rg4 Rb5 68.Kh3 Rf5  1/2-1/2

[Event "Bugojno"]
[Site "Bugojno"]
[Date "1982.??.??"]
[Round "?"]
[White "Ivkov, Borislav"]
[Black "Timman, Jan H"]
[Result "1/2-1/2"]
[WhiteElo "2475"]
[BlackElo "2605"]

1.Nf3 c5 2.c4 Nf6 3.Nc3 Nc6 4.e3 e6 5.d4 d5 6.a3 a6 7.dxc5 Bxc5 8.b4 Bd6
9.Bb2 O-O 10.Qc2 Bd7 11.Rd1 Rc8 12.Be2 Ne5 13.cxd5 exd5 14.Qd2 Re8 15.Nxd5 Ba4
16.Nxe5 Bxe5 17.Nxf6+ Qxf6 18.Bxe5 Qxe5 19.Rc1 Bc6 20.O-O Qg5 21.g3 Rcd8
22.Qc3 h5 23.Rfd1 h4 24.Qc5 Qg6 25.b5 axb5 26.Bxb5 h3 27.Bxc6 bxc6 28.Qc4  1/2-1/2

[Event "Bugojno"]
[Site "Bugojno"]
[Date "1982.??.??"]
[Round "?"]
[White "Larsen, Bent"]
[Black "Petrosian, Tigran V"]
[Result "1/2-1/2"]
[WhiteElo "2555"]
[BlackElo "2605"]

1.c4 Nf6 2.Nc3 c6 3.d4 d5 4.e3 g6 5.Nf3 Bg7 6.Be2 O-O 7.O-O b6 8.b4 e6 9.a4 dxc4
10.Bxc4 Nd5 11.Qb3 Nxc3 12.Qxc3 Bb7 13.Be2 Nd7 14.Ba3 Rc8 15.Rab1 Re8 16.Qb3 Qc7
17.Rfd1 Red8 18.h3 Qb8 19.a5 Qc7 20.Rdc1 Ba8 21.b5 Qb8 22.axb6 Nxb6 23.Be7 Re8
24.Bh4 cxb5 25.Qxb5 Bd5 26.Bg3 Qb7 27.Rc5 Bf8 28.Rxc8 Rxc8 29.Ra1 Ra8 30.Kh2 Nc8
31.Qxb7 Bxb7 32.Ba6 Bxf3 33.gxf3 Bd6 34.f4 Ne7 35.Bb7 Rb8 36.Be4 Nc8 37.Kg2 Kg7
38.Bh4 f6 39.d5 Rb4 40.Bd3 exd5 41.Ra6 Rb6 42.Ra5 d4 43.Kf3 dxe3 44.fxe3 f5
45.Ba6 Rc6  1/2-1/2

[Event "Bugojno"]
[Site "Bugojno"]
[Date "1982.??.??"]
[Round "?"]
[White "Kasparov, Gary"]
[Black "Larsen, Bent"]
[Result "1-0"]
[WhiteElo "2690"]
[BlackElo "2555"]

1.d4 Nf6 2.c4 d6 3.Nc3 e5 4.Nf3 Nbd7 5.e4 Be7 6.Be2 O-O 7.O-O c6 8.d5 Nc5
9.Qc2 cxd5 10.cxd5 Qc7 11.Nd2 Bd7 12.a4 Rac8 13.Ra3 Ne8 14.Qd1 Bg5 15.b4 Na6
16.Qb3 f5 17.Nc4 Bxc1 18.Rxc1 fxe4 19.Nxe4 Bf5 20.Ng3 Qd7 21.h3 Nf6 22.Raa1 Bg6
23.Ne3 Rxc1+ 24.Rxc1 Rc8 25.Rc6 bxc6 26.dxc6+ Qf7 27.Bc4 d5 28.Nxd5 Kh8 29.Nb6 Qc7
30.Nxc8 Qxc8 31.b5 Nc5 32.Qa3 Nce4 33.Qe7 Nxg3 34.c7 Bf5 35.fxg3 h5 36.a5 e4
37.b6 axb6 38.axb6 Kh7 39.Qc5  1-0

[Event "Bugojno"]
[Site "Bugojno"]
[Date "1982.??.??"]
[Round "?"]
[White "Polugaevsky, Lev"]
[Black "Kasparov, Gary"]
[Result "1/2-1/2"]
[WhiteElo "2625"]
[BlackElo "2690"]

1.d4 Nf6 2.c4 g6 3.Nc3 Bg7 4.e4 d6 5.Be2 O-O 6.Bg5 c5 7.d5 h6 8.Bf4 e6 9.dxe6 Bxe6
10.Bxd6 Re8 11.Nf3 Nc6 12.O-O Nd4 13.e5 Nd7 14.Nxd4 cxd4 15.Qxd4 Nxe5 16.Bxe5 Qxd4
17.Bxd4 Bxd4 18.Rac1 Rad8 19.b3 Bxc3 20.Rxc3 Rd2 21.Bf3 Rxa2 22.Bxb7 Rb8
23.Bf3 Ra3 24.Bd1 a5 25.Rc1 Rc8 26.Re1 a4 27.bxa4 Rxc4 28.Rxc4 Bxc4 29.Bc2 Bd5
30.h4 Bc6 31.Rd1 Ra2 32.Bb3 Ra3 33.Rd6 Rxb3 34.Rxc6 Rb1+ 35.Kh2 Rb4  1/2-1/2

[Event "Bugojno"]
[Site "Bugojno"]
[Date "1982.??.??"]
[Round "?"]
[White "Polugaevsky, Lev"]
[Black "Gligoric, Svetozar"]
[Result "1-0"]
[WhiteElo "2625"]
[BlackElo "2510"]

1.c4 c5 2.Nf3 Nc6 3.Nc3 Nf6 4.d4 cxd4 5.Nxd4 e6 6.Ndb5 d5 7.Bf4 e5 8.cxd5 exf4
9.dxc6 bxc6 10.Qxd8+ Kxd8 11.Rd1+ Bd7 12.Nd6 Ke7 13.g3 g5 14.Bg2 Bg7 15.O-O Rab8
16.Nc4 Rhc8 17.b3 Be6 18.Na5 Ng4 19.Na4 Ne5 20.Rc1 f3 21.Bxf3 Nxf3+ 22.exf3 Bd5
23.Rfe1+ Kf8 24.Nc5 Ra8 25.Ne4 h6 26.Nc4 Re8 27.Ne3 Rad8 28.Nxd5 cxd5 29.Nc5 Rxe1+
30.Rxe1 Bc3 31.Rd1 Ke7 32.Kf1 Bb4 33.Nd3 Bc3 34.f4 Kd6 35.Rc1 d4 36.Ke2 Kd5
37.Kf3 Re8 38.fxg5 hxg5 39.h4 gxh4 40.gxh4 Rh8 41.h5 Ke6 42.Rh1 Rh6 43.Kg4 Kf6
44.Rh3 Kg7 45.Ne5 Kf6 46.Kf4 Ke6 47.Nd3 Kf6 48.Ke4 Kg7 49.Ne5 Re6 50.h6+ Kh7
51.Kf5 d3 52.Nxd3 Bd4 53.f4 Ra6 54.a4 Rb6 55.Ne5 Bxe5 56.fxe5 a5 57.Ke4 Rb4+
58.Kd5 Rf4 59.Rc3 Rb4 60.Rc7 Kxh6 61.Rxf7 Rxb3 62.e6 Kg6 63.Rf8 Re3 64.Kd6 Rd3+
65.Kc6 Re3 66.Kd7 Rd3+ 67.Ke8  1-0

[Event "Bugojno"]
[Site "Bugojno"]
[Date "1982.??.??"]
[Round "?"]
[White "Petrosian, Tigran V"]
[Black "Najdorf, Miguel"]
[Result "1/2-1/2"]
[WhiteElo "2605"]
[BlackElo "2515"]

1.c4 Nf6 2.g3 e6 3.Bg2 d5 4.Nf3 Be7 5.O-O O-O 6.d4 dxc4 7.Qc2 a6 8.Qxc4 b5
9.Qc2 Bb7 10.Bf4 Nc6 11.Rd1 Nb4 12.Qc1 Qc8 13.Bg5 Nbd5 14.Nbd2 h6 15.Bxf6 Nxf6
16.Nb3 Bd6 17.Qe3 Bd5 18.Ne5 Qb7 19.Na5 Qb6 20.Nec6 Rfe8 21.Rac1 Bxg2 22.Kxg2 e5
23.Rc2 Nd7 24.a3 exd4 25.Qxd4 Qxd4 26.Rxd4 Nb6 27.e4 g5 28.Nb7 Bf8 29.Nc5 Nc4  1/2-1/2

[Event "Bugojno"]
[Site "Bugojno"]
[Date "1982.??.??"]
[Round "?"]
[White "Petrosian, Tigran V"]
[Black "Kavalek, Lubomir"]
[Result "1/2-1/2"]
[WhiteElo "2605"]
[BlackElo "2560"]

1.d4 Nf6 2.Nf3 e6 3.c4 d5 4.Nc3 Be7 5.Bg5 O-O 6.e3 Nbd7 7.a3 c6 8.Qc2 b6
9.cxd5 cxd5 10.Bd3 Bb7 11.O-O Rc8 12.Nd2 h6 13.Bh4 Nh5 14.Bxe7 Qxe7 15.Qa4 a6
16.Qb4 Qd8 17.Rfc1 a5 18.Qb3 Nhf6 19.Rc2 Qe7 20.Rac1 Rfd8 21.Bb5 Rc7 22.f4 Rdc8
23.Nf3 Qd8 24.h3 Nb8 25.Bd3 Nbd7 26.Kh2 Ne8 27.Ne5 Nd6 28.Nxd7 Rxd7 29.Na4 Rxc2
30.Rxc2 Nc8 31.Qc3 Re7 32.b4 axb4 33.Qxb4 Rc7 34.Rb2 Bc6 35.Nc3 Ra7 36.a4 Qf8
37.Kg1 Qxb4 38.Rxb4 Kf8 39.Kf2 Ke7 40.f5 Nd6 41.fxe6 fxe6  1/2-1/2

[Event "Bugojno"]
[Site "Bugojno"]
[Date "1982.??.??"]
[Round "?"]
[White "Andersson, Ulf"]
[Black "Gligoric, Svetozar"]
[Result "1-0"]
[WhiteElo "2635"]
[BlackElo "2510"]

1.Nf3 d5 2.d4 Nf6 3.c4 e6 4.g3 Be7 5.Bg2 O-O 6.O-O dxc4 7.Qc2 a6 8.Qxc4 b5
9.Qc2 Bb7 10.Bf4 Nc6 11.Rd1 Nb4 12.Qc1 Nbd5 13.Nbd2 c5 14.dxc5 Rc8 15.Nb3 Qe8
16.Ne5 Nxf4 17.gxf4 Bxg2 18.Kxg2 Ne4 19.Nd7 f5 20.Nxf8 Kxf8 21.Qe3 a5 22.f3 Qg6+
23.Kh1 a4 24.Nd4 Nxc5 25.Rac1 Kg8 26.Nxe6 Re8  1-0

[Event "Bugojno"]
[Site "Bugojno"]
[Date "1982.??.??"]
[Round "?"]
[White "Petrosian, Tigran V"]
[Black "Spassky, Boris V"]
[Result "1/2-1/2"]
[WhiteElo "2605"]
[BlackElo "2605"]

1.d4 Nf6 2.c4 e6 3.g3 d5 4.Bg2 Be7 5.Nf3 O-O 6.O-O Nbd7 7.b3 b6 8.cxd5 Nxd5
9.Bb2 Bb7 10.Nc3 c5 11.Nxd5 Bxd5 12.Qd2 Rc8 13.dxc5  1/2-1/2

[Event "Bugojno"]
[Site "Bugojno"]
[Date "1982.??.??"]
[Round "?"]
[White "Petrosian, Tigran V"]
[Black "Timman, Jan H"]
[Result "1-0"]
[WhiteElo "2605"]
[BlackElo "2605"]

1.d4 Nf6 2.c4 e6 3.Nc3 Bb4 4.e3 O-O 5.Ne2 d5 6.a3 Be7 7.cxd5 exd5 8.g3 c6
9.Bg2 Bf5 10.O-O Bd6 11.f3 Qe7 12.e4 dxe4 13.fxe4 Bxe4 14.Rxf6 Bxg2 15.Rxd6 Qxd6
16.Kxg2 Nd7 17.Bf4 Qg6 18.Qb3 Nb6 19.Bc7 Qd3 20.Bxb6 Rfe8 21.Ng1 axb6 22.Rf1 Qxd4
23.Qxf7+ Kh8 24.Qxb7 Rf8 25.Nf3 Qc5 26.Qd7 Rad8 27.Qg4 Rf7 28.Rf2 h6 29.h4 Rd3
30.h5 b5 31.Ne2 Qf5 32.Qxf5 Rxf5 33.Nf4 Re3 34.Rd2 Kh7 35.Rd8 Rc5 36.Nh4 Rce5
37.Rc8 Re8 38.Rxc6 b4 39.a4 Rd8 40.Nf5 Re5  1-0

[Event "Bugojno"]
[Site "Bugojno"]
[Date "1982.??.??"]
[Round "?"]
[White "Gligoric, Svetozar"]
[Black "Ivkov, Borislav"]
[Result "1-0"]
[WhiteElo "2510"]
[BlackElo "2475"]

1.d4 Nf6 2.c4 d6 3.Nc3 Nbd7 4.Nf3 e5 5.e4 Be7 6.Be2 O-O 7.O-O c6 8.Rb1 a5
9.b3 Re8 10.Re1 Bf8 11.Bf1 Qb6 12.d5 Nc5 13.a3 cxd5 14.cxd5 Bd7 15.Nd2 Rec8
16.Nc4 Qd8 17.a4 Be7 18.b4 axb4 19.Rxb4 Ra6 20.Bd2 Be8 21.a5 Ra7 22.Qb1 Nfd7
23.g3 Rca8 24.Be3 Qb8 25.Rc1 Bd8 26.Nxd6 Bxa5 27.Nxe8 Qxe8 28.Rc4 Bxc3 29.R4xc3 b6
30.Bb5 h6 31.Bc6 Ra1 32.Qxa1 Rxa1 33.Rxa1 Nxe4 34.Rca3 Qe7 35.d6 Nxd6 36.Ra7 Nc4
37.Rxd7  1-0

[Event "Bugojno"]
[Site "Bugojno"]
[Date "1982.??.??"]
[Round "?"]
[White "Polugaevsky, Lev"]
[Black "Huebner, Robert"]
[Result "1-0"]
[WhiteElo "2625"]
[BlackElo "2620"]

1.c4 e5 2.Nc3 Nf6 3.Nf3 Nc6 4.g3 d5 5.cxd5 Nxd5 6.Bg2 Nb6 7.O-O Be7 8.a3 a5
9.d3 O-O 10.Be3 Be6 11.Rc1 Nd5 12.Nxd5 Bxd5 13.Qa4 Bd6 14.Bc5 Ne7 15.e4 Bc6
16.Qc2 b6 17.d4 bxc5 18.dxc5 Qb8 19.Rfd1 Rd8 20.Nd2 Bb5 21.Bf1 h6 22.cxd6 cxd6
23.Qc7 Rd7 24.Qxb8+ Rxb8 25.Bxb5 Rxb5 26.Nc4 f6 27.Rxd6 Rc7 28.Rd8+ Kh7 29.Rd2 a4
30.Rcc2 Nc8 31.Kg2 Nb6 32.Ne3 Rxc2 33.Rxc2 Nd7 34.Nd5 Nc5 35.Nc7 Ra5 36.Kf3 Kg6
37.Ke3 Kf7 38.Rc4 Ke7 39.h4 h5 40.Rb4 Kd7 41.Nd5 Kd6 42.Rb6+ Kd7 43.f4 exf4+
44.gxf4 Ke8 45.f5 Ra7 46.Nf4 Nd7 47.Rb4 Ne5 48.Nxh5 Nc6 49.Rb6 Ne5 50.Rb8+ Kf7
51.Nf4 Rc7 52.Rf8+ Kxf8 53.Ne6+ Ke7 54.Nxc7 Nc4+ 55.Kd4  1-0

[Event "Bugojno"]
[Site "Bugojno"]
[Date "1982.??.??"]
[Round "?"]
[White "Timman, Jan H"]
[Black "Polugaevsky, Lev"]
[Result "0-1"]
[WhiteElo "2605"]
[BlackElo "2625"]

1.d4 Nf6 2.c4 e6 3.Nf3 b6 4.g3 Ba6 5.Qb3 Nc6 6.Nbd2 Na5 7.Qc2 c5 8.e4 cxd4
9.e5 Ng8 10.Bd3 Ne7 11.Bxh7 Rc8 12.Be4 Qc7 13.b3 Nac6 14.Bb2 Nxe5 15.Nxd4 N7c6
16.Nxc6 Nxc6 17.O-O Nb4 18.Qc3 d5 19.a3 Na2 20.Rxa2 dxe4 21.Nxe4 Bb7 22.Qd3 Rd8
23.Qe2 Qc6 24.f3 Qd7 25.Bc1 Qd3 26.b4 Rh5 27.Bf4 Rf5 28.Rd2 Qxe2 29.Rxe2 Be7
30.Rd2 Rc8 31.Rc2 e5 32.Bc1 Rxf3 33.Rxf3 Bxe4 34.Rff2 Bxc2 35.Rxc2 Kd7 36.Kg2 f5
37.Bb2 Ke6 38.Kf3 g6 39.Bc1 e4+ 40.Kf2 g5 41.h3 Rd8 42.Rd2 Rh8 43.Kg2 Rc8
44.Rc2 Rg8 45.Re2 Bd6 46.g4 Bf4 47.gxf5+ Kxf5 48.Rc2 e3 49.Kf3 Rh8 50.Ke2 Rxh3
51.Kd3 e2+  0-1

[Event "Bugojno"]
[Site "Bugojno"]
[Date "1982.??.??"]
[Round "?"]
[White "Timman, Jan H"]
[Black "Kavalek, Lubomir"]
[Result "1-0"]
[WhiteElo "2605"]
[BlackElo "2560"]

1.d4 Nf6 2.c4 e6 3.Nf3 d5 4.Nc3 Be7 5.Bg5 h6 6.Bxf6 Bxf6 7.cxd5 exd5 8.g3 O-O
9.Bg2 c6 10.O-O Be7 11.Qc2 Be6 12.e3 Nd7 13.Ne2 g6 14.Nf4 Bf5 15.Qe2 Re8
16.Rfd1 Nf6 17.Nd3 Bd6 18.Rac1 Rc8 19.a3 Qe7 20.b4 a5 21.Qb2 axb4 22.axb4 Nd7
23.Nc5 b6 24.Nxd7 Bxd7 25.Ra1 Bg4 26.b5 Qf6 27.Qe2 cxb5 28.h3 Bd7 29.Ra6 b4
30.Nd2 Bf8 31.Bxd5 Bxh3 32.Nc4 Qd8 33.Nxb6 Rb8 34.Qf3 Be6 35.Bc6 Re7 36.Nd5 Bxd5
37.Bxd5 Rb6 38.Ra8 Qd7 39.Rc1 Re8 40.Rc6 Rb5 41.Rxg6+  1-0

[Event "Bugojno"]
[Site "Bugojno"]
[Date "1982.??.??"]
[Round "?"]
[White "Timman, Jan H"]
[Black "Huebner, Robert"]
[Result "1/2-1/2"]
[WhiteElo "2605"]
[BlackElo "2620"]

1.e4 c6 2.d4 d5 3.exd5 cxd5 4.Bd3 Nc6 5.c3 Nf6 6.Bf4 Bg4 7.Qb3 Qc8 8.Nd2 e6
9.Ngf3 Be7 10.O-O O-O 11.Qc2 Bh5 12.Ne5 Bd6 13.Nxc6 Qxc6 14.Be5 Bg6 15.Rae1 Bxd3
16.Qxd3 Bxe5 17.dxe5 Nd7 18.Re3 Rfc8 19.Nf3 Nc5 20.Qc2 Qa4 21.b3 Qg4 22.Rd1 Rc7
23.Rd4 Qg6 24.Qd1 Nd7 25.c4 Rac8 26.Re1 Nb6 27.Qd2 h6 28.Qa5 dxc4 29.Qxa7 Nd5
30.Rxc4 Rxc4 31.bxc4 Rxc4 32.Qxb7 Nf4 33.g3 Nh3+ 34.Kg2 Nf4+ 35.Kg1 Nh3+  1/2-1/2

[Event "Bugojno"]
[Site "Bugojno"]
[Date "1982.??.??"]
[Round "?"]
[White "Timman, Jan H"]
[Black "Gligoric, Svetozar"]
[Result "1/2-1/2"]
[WhiteElo "2605"]
[BlackElo "2510"]

1.d4 Nf6 2.c4 e6 3.Nf3 b6 4.g3 Bb7 5.Bg2 Be7 6.O-O O-O 7.d5 exd5 8.Nh4 c6
9.cxd5 cxd5 10.Nc3 Na6 11.Nf5 Nc7 12.Bf4 Bc5 13.Rc1 Bc6 14.Na4 g6 15.Nxc5 bxc5
16.Bxc7 Qxc7 17.Ne7+ Kg7 18.Nxd5 Bxd5 19.Bxd5 Rab8 20.b3 Rfe8 21.Bf3 Qe5
22.Qd2 d6 23.Rc4 Rb6 24.Ra4 Re7 25.Rc1 Rc7 26.Rac4 Re7 27.R1c3 Qe6 28.Rf4 Qd7
29.Qb2 Re6 30.Rd3 Qe7 31.Ra4 a6 32.e3 Kg8 33.Qa3 Qa7 34.Rd1 Re8 35.Be2 Ra8
36.Bf3 Rc8 37.Be2 Ra8 38.b4 cxb4 39.Rxb4 d5 40.Rdb1 Rxb4 41.Rxb4 Ne4 42.Bf3 Re8
43.Rd4 Qb7 44.Qb3 Qxb3 45.axb3 Nc3 46.Kg2 h5 47.Bxd5 Nxd5 48.Rxd5 Rb8 49.Rd3 Rb4
50.f4 a5 51.Kf3 a4 52.bxa4 Rxa4 53.f5 Kg7 54.fxg6 Kxg6 55.e4 f6 56.Rd6 Ra5
57.Kf4 Ra1 58.h4 Re1 59.Kf3 Kg7 60.Rd7+ Kg6 61.Rd6 Rf1+  1/2-1/2

[Event "Bugojno"]
[Site "Bugojno"]
[Date "1982.??.??"]
[Round "?"]
[White "Spassky, Boris V"]
[Black "Larsen, Bent"]
[Result "1-0"]
[WhiteElo "2605"]
[BlackElo "2555"]

1.e4 c6 2.d4 d5 3.e5 Bf5 4.h4 h5 5.Bd3 Bxd3 6.Qxd3 e6 7.Nf3 Qa5+ 8.Nbd2 Qa6
9.c4 Nh6 10.b3 Nf5 11.Bb2 Bb4 12.a3 Bxd2+ 13.Kxd2 Nd7 14.Ke2 dxc4 15.bxc4 O-O-O
16.a4 f6 17.exf6 Nxf6 18.Rhd1 Ng4 19.Ba3 g6 20.Qc3 Qb6 21.Rd2 Qc7 22.Re1 Rhe8
23.Kd1 e5 24.dxe5 Nxf2+ 25.Kc2 Ng4 26.Bd6 Qf7 27.Ng5 Qd7 28.e6 Qg7 29.Qxg7 Nxg7
30.Nf7 Nf5 31.Nxd8 Kxd8 32.e7+ Kc8 33.g3 b6 34.Re6 c5 35.Rxg6 Nd4+ 36.Kc3 Kd7
37.Rxd4 cxd4+ 38.Kxd4  1-0

[Event "Bugojno"]
[Site "Bugojno"]
[Date "1982.??.??"]
[Round "?"]
[White "Spassky, Boris V"]
[Black "Kasparov, Gary"]
[Result "1/2-1/2"]
[WhiteElo "2605"]
[BlackElo "2690"]

1.e4 c5 2.Nc3 e6 3.g3 d5 4.exd5 exd5 5.Bg2 Nf6 6.Nge2 d4 7.Ne4 Nxe4 8.Bxe4 Nd7
9.O-O Nf6 10.Bg2 Bd6 11.c3 d3 12.Nf4 O-O 13.Nxd3 Bxg3 14.fxg3 Qxd3 15.Qf3 Qxf3
16.Bxf3 Bh3 17.Bxb7 Rae8 18.Bg2 Bxg2 19.Kxg2 Re2+ 20.Rf2 Rfe8 21.b3 Rxf2+
22.Kxf2 Ng4+ 23.Kg2 f5 24.h3 Ne5 25.d4 cxd4 26.cxd4 Nd3 27.Bg5 h6 28.Rd1 hxg5
29.Rxd3 Re2+ 30.Kf3 Rxa2 31.d5 Kf7 32.d6 Ke8  1/2-1/2

[Event "Bugojno"]
[Site "Bugojno"]
[Date "1982.??.??"]
[Round "?"]
[White "Spassky, Boris V"]
[Black "Huebner, Robert"]
[Result "1/2-1/2"]
[WhiteElo "2605"]
[BlackElo "2620"]

1.d4 Nf6 2.c4 e6 3.Nc3 Bb4 4.a3 Bxc3+ 5.bxc3 c5 6.f3 Nc6 7.e4 d6 8.Be3 b6
9.Bd3 Na5 10.Nh3 Ba6 11.Qe2 Qd7 12.e5 dxe5 13.dxe5 Ng8 14.O-O Ne7 15.Rad1 Qc7
16.Bg5 O-O-O 17.Nf2 Rd7 18.Bxe7 Rxe7 19.f4 Kb8 20.Ne4 Rd7 21.Nd6 Nb7 22.Nb5 Bxb5
23.cxb5 Rhd8 24.Be4 c4 25.Rxd7 Qxd7 26.Qxc4 Nc5 27.h3 Qd2 28.Kh1 Qe3 29.Bc6 g6
30.f5 Qxe5 31.fxe6 fxe6 32.Qh4 Qc7 33.Kg1 Nb3 34.Re1 Nc5 35.Rf1 Nb3 36.Re1 Nc5
37.Qf6 Qd6 38.Rf1 e5 39.Qxd6+ Rxd6 40.Rf8+ Kc7 41.Rf7+ Kd8 42.Rxa7 h6 43.a4 e4
44.a5 bxa5 45.Rxa5 Kc7 46.Ra7+ Kb6 47.Re7 Rd1+ 48.Kh2 Rc1 49.Rg7 g5 50.Rg6 e3
51.Rxh6 Rxc3 52.Rg6 Nb3 53.Bd7+ Ka5 54.Rxg5 Rc5 55.Rxc5 Nxc5 56.Bg4 Ne4 57.h4 Kxb5
58.Be2+ Kc5 59.Kh3 Nd6 60.Ba6 e2 61.Bxe2 Nf7 62.h5 Kd6 63.h6 Ke7  1/2-1/2